Human resource management : (Record no. 16307)
[ view plain ]
| 000 -LEADER | |
|---|---|
| fixed length control field | 00593nam a22001937a 4500 |
| 003 - CONTROL NUMBER IDENTIFIER | |
| control field | DEla salle |
| 005 - DATE AND TIME OF LATEST TRANSACTION | |
| control field | 20140310182817.0 |
| 008 - FIXED-LENGTH DATA ELEMENTS--GENERAL INFORMATION | |
| fixed length control field | 130301t xxu||||| |||| 00| 0 eng d |
| 020 ## - INTERNATIONAL STANDARD BOOK NUMBER | |
| International Standard Book Number | 9715535550 |
| 050 ## - LIBRARY OF CONGRESS CALL NUMBER | |
| Classification number | HF 5549.2.P6 |
| Item number | .Ed37 2005 |
| 100 ## - MAIN ENTRY--PERSONAL NAME | |
| Personal name | Edralin, Divina M. |
| 245 ## - TITLE STATEMENT | |
| Title | Human resource management : |
| Remainder of title | concepts and applications in the Philippines / |
| Statement of responsibility, etc | Divina M. Edralin, Ramon Ricardo A. Roque |
| 260 ## - PUBLICATION, DISTRIBUTION, ETC. (IMPRINT) | |
| Place of publication, distribution, etc | Quezon City : |
| Name of publisher, distributor, etc | Abiva Pub. House, |
| Date of publication, distribution, etc | 2005. |
| 300 ## - PHYSICAL DESCRIPTION | |
| Extent | x, 180 p. : |
| Other physical details | ill. ; |
| Dimensions | 26 cm. |
| 521 ## - TARGET AUDIENCE NOTE | |
| Target audience note | |
| 942 ## - ADDED ENTRY ELEMENTS (KOHA) | |
| Source of classification or shelving scheme | Library of Congress Classification |
| Koha item type | Books |
| Call number prefix | Local |
| Withdrawn status | Lost status | Source of classification or shelving scheme | Damaged status | Home library | Current library | Shelving location | Date acquired | Source of acquisition | Total Checkouts | Full call number | Barcode | Date last seen | Copy number | Price effective from | Koha item type | Total Renewals | Date checked out |
|---|---|---|---|---|---|---|---|---|---|---|---|---|---|---|---|---|---|
| Library of Congress Classification | College Library | College Library | Filipiniana Section | 11/26/2013 | Donation | HF 5549.2.P6 .Ed37 2005 | C10289 | 05/08/2018 | 1 | 11/26/2013 | Books | ||||||
| Library of Congress Classification | College Library | College Library | General Circulation Section | 12/07/2013 | 1 | HF 5549.2.P6 .Ed37 2005 | C13420 | 05/15/2018 | 2 | 12/07/2013 | Books | 1 | 04/22/2016 |